| 000 | 00848nam a2200241 a 4500 | ||
|---|---|---|---|
| 001 | 13162 | ||
| 003 | BD-JhCC | ||
| 005 | 20230715124708.0 | ||
| 008 | 231019s 2021bg |||| |||| 000 0 ban d | ||
| 020 | _a9789843489104 | ||
| 035 | _a(BD-JhCC)13162 | ||
| 040 |
_aBD-JhCC _dBD-JhCC |
||
| 041 | _aBangla | ||
| 082 |
_a909 _bAHA 2021 |
||
| 100 | _aআহমেদ, রাফান | ||
| 245 |
_aইউভাল হারারি পাঠ ও মূল্যায়ন : _bপশ্চিমা অ্যাকাডেমিকদের চোখে / _cরাফান আহমেদ |
||
| 260 |
_aঢাকা : _bমিনারাহ পাবলিকেশন, _c২০২১ |
||
| 300 |
_a৮৬ পৃ. : _c১৮ সেমি. |
||
| 600 | _aHarari, Yuval Noah | ||
| 650 | _acritcism | ||
| 650 | _a Human beings | ||
| 942 |
_2ddc _cBK |
||
| 999 |
_c13162 _d13162 |
||